|
|
|
|
| LEADER |
00000nam0a2200000 4500 |
| 001 |
306280 |
| 005 |
20231102001859.0 |
| 010 |
|
|
|a 9785783111501
|
| 035 |
|
|
|a (RuTPU)RU\TPU\book\331557
|
| 090 |
|
|
|a 306280
|
| 100 |
|
|
|a 20151005d2014 k y0rusy50 ca
|
| 101 |
0 |
|
|a rus
|
| 102 |
|
|
|a RU
|
| 105 |
|
|
|a a z 001zy
|
| 200 |
1 |
|
|a Механизмы создания стратегического единства в нефтегазовом бизнесе
|e монография
|f И. В. Буренина [и др.]
|g Уфимский государственный нефтяной технический университет (УГНТУ)
|
| 210 |
|
|
|a Уфа
|c Изд-во УГНТУ
|d 2014
|
| 215 |
|
|
|a 230 с.
|c ил.
|
| 225 |
1 |
|
|a Библиотека нефтяного университета
|
| 320 |
|
|
|a Библиогр.: с. 219-229.
|
| 330 |
|
|
|a Рассмотрены теоретические аспекты синергии организации. В частности рассматривается формирование синергии на основе слияния и поглощений в топливно-энергетическом комплексе России: причины, эволюция и перспективы развития. Предложен авторский методический подход к созданию стратегического единства компании с помощью сбалансированной системы показателей. С этой целью рассмотрен практический пример создания стратегического единства компании ОАО «БАШ-НЕФТЕГЕОФИЗИКА». Особое внимание уделено кластерам как механизму стратегического единства. Для работников нефтегазодобывающих предприятий, связанных с реструктуризацией бизнеса, студентов, слушателей системы дополнительного образования.
|
| 606 |
1 |
|
|a Топливно-энергетический комплекс
|x Экономика
|y Россия
|2 stltpush
|3 (RuTPU)RU\TPU\subj\67995
|9 83556
|
| 610 |
1 |
|
|a нефтяной бизнес
|
| 610 |
1 |
|
|a газовый бизнес
|
| 610 |
1 |
|
|a стратегическое единство
|
| 610 |
1 |
|
|a синергия
|
| 610 |
1 |
|
|a слияния
|
| 610 |
1 |
|
|a поглощение
|
| 610 |
1 |
|
|a управление
|
| 610 |
1 |
|
|a нефтяные компании
|
| 610 |
1 |
|
|a кластеризация
|
| 610 |
1 |
|
|a кластерные методы
|
| 610 |
1 |
|
|a региональные кластеры
|
| 610 |
1 |
|
|a Башнефть
|
| 610 |
1 |
|
|a Башкортостан
|
| 610 |
1 |
|
|a монографии
|
| 686 |
|
|
|a У9(2)0-554
|v LBC/SL-A
|2 rubbk
|
| 701 |
|
1 |
|a Буренина
|b И. В.
|g Ирина Валерьевна
|
| 701 |
|
1 |
|a Батталова
|b А. А.
|g Алена Александровна
|
| 701 |
|
1 |
|a Хасанова
|b Г. Ф.
|g Гузель Фуатовна
|
| 701 |
|
1 |
|a Халикова
|b Д. О.
|g Дилара Ойратовна
|
| 712 |
0 |
2 |
|a Уфимский государственный нефтяной технический университет (УГНТУ)
|c (1993- )
|2 stltpush
|3 (RuTPU)RU\TPU\col\42
|
| 801 |
|
1 |
|a RU
|b 63413507
|c 20151005
|
| 801 |
|
2 |
|a RU
|b 63413507
|c 20160325
|g RCR
|
| 900 |
|
|
|a Синергетика
|
| 900 |
|
|
|a Синергетика для инженеров
|
| 942 |
|
|
|c BK
|
| 959 |
|
|
|a 117/20150915
|d 1
|e 700,00
|f ЧЗТЛ:1
|